Foundations of analog and digital electronic design (Record no. 8003)
[ view plain ]
| 000 -LEADER | |
|---|---|
| fixed length control field | 00576 a2200181 4500 |
| 020 ## - INTERNATIONAL STANDARD BOOK NUMBER | |
| International Standard Book Number | 1558607358 |
| 040 ## - CATALOGING SOURCE | |
| Original cataloging agency | DLC |
| Language of cataloging | DLC |
| 082 04 - DEWEY DECIMAL CLASSIFICATION NUMBER | |
| Classification number | 621.3'815 |
| 100 1# - MAIN ENTRY--PERSONAL NAME | |
| Personal name | Agarwal, Anant. |
| 245 10 - TITLE STATEMENT | |
| Title | Foundations of analog and digital electronic design |
| Statement of responsibility, etc. | Anant Agarwal and Jeffrey Lang. |
| 260 ## - PUBLICATION, DISTRIBUTION, ETC. | |
| Place of publication, distribution, etc. | San Francisco, Calif. : |
| Name of publisher, distributor, etc. | Morgan Kaufmann, |
| Date of publication, distribution, etc. | 2005. |
| 300 ## - PHYSICAL DESCRIPTION | |
| Extent | 984 s. |
| 440 #0 - SERIES STATEMENT/ADDED ENTRY--TITLE | |
| Title | Morgan Kaufmann series in computer architecture and design |
| 650 #0 - SUBJECT ADDED ENTRY--TOPICAL TERM | |
| Topical term or geographic name entry element | Electronic circuit design. |
| 650 #0 - SUBJECT ADDED ENTRY--TOPICAL TERM | |
| Topical term or geographic name entry element | Electronic circuits |
| 700 1# - ADDED ENTRY--PERSONAL NAME | |
| Personal name | Lang, Jeffrey. |
| 942 ## - ADDED ENTRY ELEMENTS (KOHA) | |
| Koha item type | Book |
| Call number prefix | 621.3815 AGA |
| Source of classification or shelving scheme | |
| Withdrawn status | Lost status | Damaged status | Not for loan | Collection code | Permanent Location | Current Location | Shelving location | Date acquired | Source of acquisition | Cost, normal purchase price | Total Checkouts | Total Renewals | Full call number | Barcode | Date last seen | Date last checked out | Price effective from | Koha item type |
|---|---|---|---|---|---|---|---|---|---|---|---|---|---|---|---|---|---|---|
| Central Library (CL) | Central Library (CL) | General Stacks | 11/28/2005 | A & J Def Tek Concultants | 5126.07 | 4 | 9 | 621.3815 AGA | SEECS006721 | 04/06/2026 | 01/19/2020 | 01/05/2017 | Book |
